<?xml version="1.0" encoding="UTF-8"?>
<record
    xmlns:xsi="http://www.w3.org/2001/XMLSchema-instance"
    xsi:schemaLocation="http://www.loc.gov/MARC21/slim http://www.loc.gov/standards/marcxml/schema/MARC21slim.xsd"
    xmlns="http://www.loc.gov/MARC21/slim">

  <leader>00601nam  2200157   4500</leader>
  <controlfield tag="001">6074</controlfield>
  <datafield tag="090" ind1=" " ind2=" ">
    <subfield code="a">6074</subfield>
  </datafield>
  <datafield tag="100" ind1=" " ind2=" ">
    <subfield code="a">20190729k        u||y0frey50      ba</subfield>
  </datafield>
  <datafield tag="101" ind1=" " ind2=" ">
    <subfield code="a">fre</subfield>
  </datafield>
  <datafield tag="200" ind1=" " ind2=" ">
    <subfield code="a">Apr&#xE8;s l'avertissement de Tchernobyl, ce qu'on ne peut plus ignorer sur l'industrie nucl&#xE9;aire </subfield>
    <subfield code="b">Brochure</subfield>
    <subfield code="e">Fiche n. 4</subfield>
    <subfield code="f">ECOROPA</subfield>
  </datafield>
  <datafield tag="210" ind1=" " ind2=" ">
    <subfield code="c">ECOROPA</subfield>
    <subfield code="f">22 rue d'Annam, 75020 Paris</subfield>
    <subfield code="g">Imprimerie Edit 71</subfield>
  </datafield>
  <datafield tag="300" ind1=" " ind2=" ">
    <subfield code="a">Sans date.</subfield>
  </datafield>
  <datafield tag="606" ind1=" " ind2=" ">
    <subfield code="9">648</subfield>
    <subfield code="a">Nucl&#xE9;aire (Energie)</subfield>
  </datafield>
  <datafield tag="606" ind1=" " ind2=" ">
    <subfield code="a">Centrale de Tchernobyl</subfield>
    <subfield code="y">Ukraine - URSS</subfield>
    <subfield code="9">6982</subfield>
  </datafield>
  <datafield tag="710" ind1=" " ind2=" ">
    <subfield code="9">6983</subfield>
    <subfield code="a">European Network for Ecological Reflection and Action (ECOROPA)</subfield>
  </datafield>
  <datafield tag="801" ind1=" " ind2=" ">
    <subfield code="a">CH</subfield>
    <subfield code="b">CH-002049-8</subfield>
  </datafield>
  <datafield tag="995" ind1=" " ind2=" ">
    <subfield code="1">0</subfield>
    <subfield code="2">0</subfield>
    <subfield code="3">0</subfield>
    <subfield code="5">2026-06-12</subfield>
    <subfield code="9">7054</subfield>
    <subfield code="b">ARCHIC</subfield>
    <subfield code="c">ARCHIC</subfield>
    <subfield code="e">Brochures</subfield>
    <subfield code="f">7900</subfield>
    <subfield code="h">Contratom</subfield>
    <subfield code="k">Broch 2731</subfield>
    <subfield code="o">1</subfield>
  </datafield>
</record>
